Doctor Who Story Mashup Quiz Stats

 Plays Quiz not verified by Sporcle

Challenge
Share
Tweet
Embed
Score 0/10 Timer 05:00
0 Plays Today
Plot Summary Story Title % Correct
Jenny helps multiple versions of her dad win the Game of RassilonThe Five Doctors' Daughter
81.7%
A famous painter and the TARDIS get a little too friendly with each other.Vincent and the Doctor's Wife
71.7%
The Doctor lands on an unbelievable world of satanic arachnids.Impossible Planet of the Spiders
52.5%
Terrible Lizards disrupt Yuletide festivities in London. Christmas Invasion of the Dinosaurs
44.2%
In the far future, the Doctor discovers that the face of Boe is really Adric.New Earthshock
40.8%
Plastic monsters make 18th century Paris even more dangerous.Reign of Terror of the Autons
35%
Crabs and plants work together to destroy the Doctor's vacation.The Macra Terror of the Vervoids.
34.2%
Diplomats wage war on Kaled mutants. What will the Doctor, Liz, and Jo do?Ambassadors of Death to the Daleks
33.3%
The Doctor and Romana must cross a strange portal guarded by Martians.Ice Warriors' Gate
31.7%
The Third Doctor and his earlier selves relax by playing Risk, the global conquest game. World War Three Doctors
17.5%

You're not logged in!

Compare scores with friends on all Sporcle quizzes.
OR
Log In

You Might Also Like...

Show Comments

Extras

Created Aug 8, 2011ReportNominate
Tags:doctor, mashup, plot, story, summary

Top Quizzes Today


Score Distribution

Your Account Isn't Verified!

In order to create a playlist on Sporcle, you need to verify the email address you used during registration. Go to your Sporcle Settings to finish the process.

Report this User

Report this user for behavior that violates our Community Guidelines.

Details: